[Event "37. Open Barberá del Vallés 2014"]
[Site "Barberá del Vallés ESP"]
[Date "2014.07.09"]
[Round "6.33"]
[White "Saez Coma, Alejandro"]
[Black "Soto Balastegui, Victor"]
[Result "1-0"]
[WhiteElo "2097"]
[BlackElo "1962"]
[PlyCount "107"]
[EventDate "2014.07.04"]
[EventType "swiss"]
[EventRounds "9"]
[EventCountry "ESP"]
[Source "lmi"]
[SourceDate "2014.07.04"]

1. Nf3 d6 2. g3 g6 3. Bg2 Bg7 4. O-O c6 5. c4 f5 6. d4 Qc7 7. Nc3 Nh6 8. d5 Nd7
9. Nd4 Ne5 10. dxc6 Nxc6 11. Ncb5 Qd7 12. Nxc6 bxc6 13. Nd4 Bb7 14. Qa4 Ng4 15.
Bxc6 Bxc6 16. Qxc6 Rc8 17. Qxd7+ Kxd7 18. e3 e5 19. Nb5 Rxc4 20. Rd1 Rc6 21. b3
Rb8 22. Na3 e4 23. Rb1 Ne5 24. Bb2 Ke6 25. Bxe5 Bxe5 26. Rd2 Bc3 27. Rc2 d5 28.
Rbc1 Ra6 29. Rxc3 Rxa3 30. Rc6+ Ke5 31. R1c2 Rb7 32. h4 Rg7 33. Kf1 a5 34. Ra6
Rb7 35. Rcc6 Re7 36. Rc2 Re6 37. Ra7 h6 38. Kg2 g5 39. h5 f4 40. Rd2 fxe3 41.
fxe3 Rd6 42. Kh3 Rb6 43. Kg4 Re6 44. Rf7 Rd6 45. Rdf2 Re6 46. Rd7 Rb6 47. Rg7
Rf6 48. Rd2 Rf3 49. Rd7 Rxe3 50. R7xd5+ Kf6 51. Rd6+ Ke7 52. Kf5 a4 53. Rd7+
Kf8 54. Rd8+ 1-0

[Event "37. Open Barberá del Vallés 2014"]
[Site "Barberá del Vallés ESP"]
[Date "2014.07.09"]
[Round "6.34"]
[White "Ventura Bolet, Alexandre"]
[Black "Jordan Arenas, Manuel"]
[Result "0-1"]
[WhiteElo "1949"]
[BlackElo "2175"]
[PlyCount "52"]
[EventDate "2014.07.04"]
[EventType "swiss"]
[EventRounds "9"]
[EventCountry "ESP"]
[Source "lmi"]
[SourceDate "2014.07.04"]

1. c4 e5 2. g3 Nc6 3. Nc3 Nf6 4. Bg2 Bb4 5. Nf3 O-O 6. O-O d6 7. d3 h6 8. Bd2
a5 9. Ne1 Bg4 10. h3 Bh5 11. Nc2 Bc5 12. a3 Qd7 13. Na4 Ba7 14. b4 e4 15. dxe4
Ne5 16. Nb2 Bg6 17. Bc3 Qe7 18. Bd4 Bxd4 19. Qxd4 Nc6 20. Qe3 Bxe4 21. Nd3 Rfe8
22. Nd4 Bxg2 23. Kxg2 Qd7 24. b5 Rxe3 25. bxc6 Rxd3 26. cxd7 Rxd4 0-1

[Event "37. Open Barberá del Vallés 2014"]
[Site "Barberá del Vallés ESP"]
[Date "2014.07.09"]
[Round "6.35"]
[White "Garcia Marin, Guillem"]
[Black "Simon Del Sol, Jaume"]
[Result "1-0"]
[WhiteElo "2099"]
[BlackElo "1986"]
[PlyCount "91"]
[EventDate "2014.07.04"]
[EventType "swiss"]
[EventRounds "9"]
[EventCountry "ESP"]
[Source "lmi"]
[SourceDate "2014.07.04"]

1. d4 e6 2. Nf3 c5 3. c4 cxd4 4. Nxd4 Nf6 5. Nc3 Nc6 6. Ndb5 d6 7. Bf4 e5 8.
Bg5 a6 9. Na3 Be7 10. e3 Be6 11. Be2 h6 12. Bh4 Qa5 13. Qd2 Rd8 14. Bxf6 Bxf6
15. Rd1 d5 16. Nxd5 Qxd2+ 17. Rxd2 Bxd5 18. cxd5 Nb4 19. Bc4 b5 20. Bb3 e4 21.
O-O O-O 22. Nb1 Rd6 23. Nc3 Bxc3 24. bxc3 Nd3 25. f3 Nc5 26. Bc2 Re8 27. Kf2 f5
28. Rd4 Re5 29. Rfd1 Kf7 30. a4 g5 31. axb5 axb5 32. Ke2 Kg7 33. h3 Kf6 34. Bb1
Kg7 35. Ba2 Re8 36. Rb4 Ra8 37. Bb1 Ra3 38. c4 bxc4 39. Rxc4 Ra5 40. g4 exf3+
41. Kxf3 fxg4+ 42. Kxg4 Nd7 43. Rc7 Raxd5 44. Rxd5 Rxd5 45. Bf5 Kf6 46. Bxd7
1-0

[Event "37. Open Barberá del Vallés 2014"]
[Site "Barberá del Vallés ESP"]
[Date "2014.07.09"]
[Round "6.36"]
[White "Masferrer Niubo, Enric"]
[Black "Fernandez Aguilar, Francisco"]
[Result "1/2-1/2"]
[WhiteElo "1996"]
[BlackElo "2049"]
[PlyCount "105"]
[EventDate "2014.07.04"]
[EventType "swiss"]
[EventRounds "9"]
[EventCountry "ESP"]
[Source "lmi"]
[SourceDate "2014.07.04"]

1. e4 e5 2. Nf3 Nc6 3. Bc4 Nf6 4. d3 Bc5 5. c3 a6 6. O-O d6 7. Bb3 Ba7 8. Nbd2
O-O 9. h3 Be6 10. Bc2 h6 11. Re1 Ne7 12. d4 Ng6 13. Nf1 Nh5 14. d5 Bxh3 15.
gxh3 Ngf4 16. Bxf4 Nxf4 17. Ne3 Qd7 18. Bd3 Nxh3+ 19. Kg2 Nf4+ 20. Kg1 Bxe3 21.
Rxe3 Qg4+ 22. Kf1 Qh3+ 23. Ke1 Ng2+ 24. Kd2 Nxe3 25. Kxe3 f5 26. Qh1 f4+ 27.
Kd2 Qxh1 28. Rxh1 Kf7 29. Bf1 c6 30. Bh3 cxd5 31. exd5 Rae8 32. Ke2 Rh8 33. Nd2
g5 34. Ne4 Ke7 35. Bg4 b5 36. f3 Reg8 37. Rh5 a5 38. Kd3 Rb8 39. Be6 Ra8 40.
Nf2 Kf6 41. Ke4 Kg6 42. Bg4 Ra7 43. Kd3 Raa8 44. Ne4 Rhd8 45. Rh1 Rab8 46. Bf5+
Kg7 47. Nf2 Rh8 48. Rh5 Kf6 49. Ke4 Rb7 50. Ng4+ Kg7 51. Kd3 Rf7 52. Be4 Rff8
53. Nf2 1/2-1/2

[Event "37. Open Barberá del Vallés 2014"]
[Site "Barberá del Vallés ESP"]
[Date "2014.07.09"]
[Round "6.37"]
[White "Basas Gamazo, Josep"]
[Black "Castells Briones, Miquel"]
[Result "0-1"]
[WhiteElo "2001"]
[BlackElo "1979"]
[PlyCount "90"]
[EventDate "2014.07.04"]
[EventType "swiss"]
[EventRounds "9"]
[EventCountry "ESP"]
[Source "lmi"]
[SourceDate "2014.07.04"]

1. e4 c5 2. Nf3 Nc6 3. d4 cxd4 4. Nxd4 Nf6 5. Nc3 e5 6. Ndb5 d6 7. a4 Be7 8.
Bg5 a6 9. Na3 Be6 10. Bc4 O-O 11. Qd2 Rc8 12. b3 Qc7 13. O-O Qb8 14. Rfd1 Nd4
15. Bxf6 Bxf6 16. Nd5 Bxd5 17. Bxd5 h6 18. Nc4 Bg5 19. Qd3 b5 20. axb5 axb5 21.
Na3 Rc3 22. Qf1 Nxc2 23. Nxc2 Rxc2 24. Ra6 Rfc8 25. Qd3 R2c3 26. Qe2 b4 27. Bc4
R8xc4 28. bxc4 b3 29. Raa1 b2 30. Rab1 Bc1 31. Qf1 Qb7 32. Rdxc1 Rxc1 33. Rxc1
bxc1=Q 34. Qxc1 Qxe4 35. f3 Qd4+ 36. Kf1 Kf8 37. Qc2 Ke7 38. g3 g6 39. Kg2 f5
40. Qc1 e4 41. Qxh6 e3 42. Qh7+ Kd8 43. Qg8+ Kc7 44. Qd5 Qd2+ 45. Kh3 Qxd5 0-1

[Event "37. Open Barberá del Vallés 2014"]
[Site "Barberá del Vallés ESP"]
[Date "2014.07.09"]
[Round "6.38"]
[White "Clanchet Olle, Josep"]
[Black "Menac Comas, Joan Ramon"]
[Result "0-1"]
[WhiteElo "1736"]
[BlackElo "2147"]
[PlyCount "78"]
[EventDate "2014.07.04"]
[EventType "swiss"]
[EventRounds "9"]
[EventCountry "ESP"]
[Source "lmi"]
[SourceDate "2014.07.04"]

1. e4 c5 2. Nf3 Nc6 3. d4 cxd4 4. Nxd4 e5 5. Nb5 a6 6. Nd6+ Bxd6 7. Qxd6 Qf6 8.
Qxf6 Nxf6 9. Nc3 h6 10. Bc4 b5 11. Bb3 Bb7 12. f3 Na5 13. Be3 Rc8 14. Rd1 Nc4
15. Bxc4 Rxc4 16. a3 Ke7 17. O-O Rhc8 18. Rd2 b4 19. axb4 Rxb4 20. Nd1 d5 21.
c3 Ra4 22. exd5 Nxd5 23. Re1 Ra2 24. Bf2 f6 25. Rde2 Nf4 26. Rd2 a5 27. Bg3 g5
28. Bxf4 gxf4 29. Ree2 Ba6 30. Rf2 Bc4 31. b4 Rxd2 32. Rxd2 a4 33. Nb2 Bb3 34.
b5 a3 35. Re2 Rxc3 36. b6 Rc1+ 37. Kf2 a2 38. Nd3 a1=Q 39. Nxc1 Qxc1 0-1

[Event "37. Open Barberá del Vallés 2014"]
[Site "Barberá del Vallés ESP"]
[Date "2014.07.09"]
[Round "6.39"]
[White "Bernat, Ernest"]
[Black "Estepa-Fonseca, Omar Maria"]
[Result "1/2-1/2"]
[WhiteElo "2101"]
[BlackElo "1978"]
[PlyCount "59"]
[EventDate "2014.07.04"]
[EventType "swiss"]
[EventRounds "9"]
[EventCountry "ESP"]
[Source "lmi"]
[SourceDate "2014.07.04"]

1. e4 c5 2. Nf3 g6 3. d4 cxd4 4. Nxd4 Nc6 5. Nc3 Bg7 6. Be3 Nf6 7. Be2 O-O 8.
O-O d6 9. h3 Bd7 10. Qd2 Nxd4 11. Bxd4 Bc6 12. Rad1 e5 13. Be3 Nxe4 14. Nxe4
Bxe4 15. f3 Bf5 16. c4 Qc8 17. Qxd6 Be6 18. b3 a5 19. a4 Re8 20. Qd2 Qc7 21.
Qe1 Bf5 22. Bd3 Bxd3 23. Rxd3 Rad8 24. Qb1 Rxd3 25. Qxd3 Rd8 26. Qc2 Bf8 27.
Rd1 Rxd1+ 28. Qxd1 Bc5 29. Bxc5 Qxc5+ 30. Kf1 1/2-1/2

[Event "37. Open Barberá del Vallés 2014"]
[Site "Barberá del Vallés ESP"]
[Date "2014.07.09"]
[Round "6.40"]
[White "Las Heras Aixandri, Guillem"]
[Black "Castillo Escario, Yolanda"]
[Result "0-1"]
[WhiteElo "1646"]
[BlackElo "2029"]
[PlyCount "46"]
[EventDate "2014.07.04"]
[EventType "swiss"]
[EventRounds "9"]
[EventCountry "ESP"]
[Source "lmi"]
[SourceDate "2014.07.04"]

1. Nf3 d5 2. g3 Nf6 3. Bg2 c5 4. c4 e6 5. b3 Nc6 6. Bb2 Be7 7. O-O O-O 8. e3 b6
9. Qe2 Bb7 10. d4 Qc7 11. Nc3 a6 12. Rac1 Rac8 13. Rfd1 Rfd8 14. Na4 Ne4 15.
Nd2 Nxd2 16. Rxd2 dxc4 17. dxc5 b5 18. Nc3 Rxd2 19. Qxd2 b4 20. Ne4 c3 21. Rxc3
bxc3 22. Qxc3 f6 23. Bh3 Nd8 0-1

[Event "37. Open Barberá del Vallés 2014"]
[Site "Barberá del Vallés ESP"]
[Date "2014.07.09"]
[Round "6.41"]
[White "Bekker, Gary"]
[Black "Nadal Fajardo, Ricard"]
[Result "0-1"]
[WhiteElo "1820"]
[BlackElo "1999"]
[PlyCount "55"]
[EventDate "2014.07.04"]
[EventType "swiss"]
[EventRounds "9"]
[EventCountry "ESP"]
[Source "lmi"]
[SourceDate "2014.07.04"]

1. d4 Nf6 2. c4 c6 3. Nc3 d5 4. Nf3 e6 5. Bg5 Be7 6. e3 Nbd7 7. Rc1 O-O 8. Bd3
dxc4 9. Bxc4 b5 10. Bd3 a6 11. O-O c5 12. e4 Bb7 13. Re1 cxd4 14. Nxd4 Nc5 15.
e5 Nd5 16. Bxe7 Qxe7 17. Nxd5 Bxd5 18. Bb1 Rac8 19. Qc2 g6 20. Qd2 Rfd8 21. Qe3
Bb7 22. b4 Na4 23. a3 Nb2 24. Rxc8 Rxc8 25. Nf3 Nc4 26. Qb3 Bd5 27. Qc3 Qb7 28.
Rc1 0-1

[Event "37. Open Barberá del Vallés 2014"]
[Site "Barberá del Vallés ESP"]
[Date "2014.07.10"]
[Round "7.1"]
[White "Ghosh, Diptayan"]
[Black "Peralta, Fernando"]
[Result "1-0"]
[WhiteElo "2468"]
[BlackElo "2596"]
[PlyCount "87"]
[EventDate "2014.07.04"]
[EventType "swiss"]
[EventRounds "9"]
[EventCountry "ESP"]
[Source "lmi"]
[SourceDate "2014.07.04"]

1. Nf3 d6 2. g3 e5 3. Bg2 f5 4. O-O Be7 5. c4 c6 6. Nc3 Nf6 7. d3 O-O 8. b4 a6
9. a4 Qe8 10. e3 h6 11. Ba3 Be6 12. b5 Nbd7 13. bxc6 bxc6 14. a5 d5 15. cxd5
cxd5 16. Qa4 Qf7 17. Rfc1 Rfc8 18. Na2 e4 19. Nd4 Ne5 20. Bxe7 Qxe7 21. Nb4
exd3 22. Nbc6 Nxc6 23. Rxc6 Qe8 24. Rxc8 Qxc8 25. Qd1 f4 26. Nxe6 Qxe6 27. exf4
Rb8 28. Qxd3 Rb2 29. Rb1 Rxb1+ 30. Qxb1 Ne4 31. Bf1 Qc6 32. Qb6 Qxb6 33. axb6
Nc5 34. Bg2 Kf7 35. Bxd5+ Ke7 36. Kf1 Kd6 37. Bf3 a5 38. Ke2 a4 39. Kd2 a3 40.
Kc2 Nd3 41. Kb3 Nxf2 42. Kxa3 Nd3 43. Kb3 g5 44. Kc4 1-0

[Event "37. Open Barberá del Vallés 2014"]
[Site "Barberá del Vallés ESP"]
[Date "2014.07.10"]
[Round "7.2"]
[White "Narciso Dublan, Marc"]
[Black "Grigoryan, Karen H"]
[Result "0-1"]
[WhiteElo "2523"]
[BlackElo "2592"]
[PlyCount "62"]
[EventDate "2014.07.04"]
[EventType "swiss"]
[EventRounds "9"]
[EventCountry "ESP"]
[Source "lmi"]
[SourceDate "2014.07.04"]

1. d4 Nf6 2. c4 g6 3. Nc3 Bg7 4. e4 d6 5. Be2 O-O 6. Nf3 e5 7. d5 a5 8. Bg5 h6
9. Bh4 g5 10. Bg3 Nh5 11. Nd2 Nf4 12. O-O f5 13. exf5 Bxf5 14. Nde4 Nd7 15. Bg4
Bg6 16. Bxd7 Qxd7 17. c5 a4 18. f3 b6 19. cxd6 cxd6 20. Rf2 b5 21. a3 Rfc8 22.
Rd2 Rc7 23. Be1 Rf8 24. g3 Nh3+ 25. Kg2 h5 26. Qe2 g4 27. Rd3 Rc4 28. Bd2 Qf5
29. Re1 Rd4 30. fxg4 hxg4 31. Re3 Bh6 0-1

[Event "37. Open Barberá del Vallés 2014"]
[Site "Barberá del Vallés ESP"]
[Date "2014.07.10"]
[Round "7.3"]
[White "Saptarshi, Roy"]
[Black "Aroshidze, Levan"]
[Result "1-0"]
[WhiteElo "2449"]
[BlackElo "2565"]
[PlyCount "85"]
[EventDate "2014.07.04"]
[EventType "swiss"]
[EventRounds "9"]
[EventCountry "ESP"]
[Source "lmi"]
[SourceDate "2014.07.04"]

1. e4 c5 2. Nf3 e6 3. d4 cxd4 4. Nxd4 Nc6 5. Nc3 Qc7 6. Be3 a6 7. Qd2 Nf6 8. f3
Ne5 9. O-O-O b5 10. Qe1 Bb7 11. Qg3 Rc8 12. Bxb5 Ba3 13. Bd2 Bc5 14. Nf5 exf5
15. Qxg7 Rg8 16. Qxf6 Be7 17. Bxd7+ Nxd7 18. Qxf5 Rxg2 19. Kb1 Nf8 20. Bf4 Qc5
21. Qh3 Rg6 22. Ka1 Ne6 23. Bd2 Nd4 24. Qxh7 Nxc2+ 25. Kb1 Nb4 26. Qh8+ Bf8 27.
Bf4 Qf2 28. Rhf1 Qc2+ 29. Ka1 Rg2 30. Nb5 axb5 31. Bd6 Qxb2+ 32. Qxb2 Rxb2 33.
Kxb2 Bg7+ 34. e5 Nd5 35. Rg1 Ne3 36. Rd3 Nc4+ 37. Kb1 Bh6 38. Bb4 f6 39. e6 Bg5
40. h4 Ne5 41. hxg5 Nxd3 42. gxf6 Kd8 43. Ba5+ 1-0

[Event "37. Open Barberá del Vallés 2014"]
[Site "Barberá del Vallés ESP"]
[Date "2014.07.10"]
[Round "7.4"]
[White "Diaz Camallonga, Carles"]
[Black "Gomez Garrido, Camilo Ernesto"]
[Result "0-1"]
[WhiteElo "2235"]
[BlackElo "2495"]
[PlyCount "80"]
[EventDate "2014.07.04"]
[EventType "swiss"]
[EventRounds "9"]
[EventCountry "ESP"]
[Source "lmi"]
[SourceDate "2014.07.04"]

1. Nf3 c5 2. g3 Nc6 3. c4 g6 4. Bg2 Bg7 5. O-O d6 6. Nc3 e6 7. d3 Nge7 8. Bd2
b6 9. a3 Bb7 10. Rb1 Qd7 11. b4 O-O 12. Ne1 h6 13. b5 Nd8 14. a4 Bxg2 15. Nxg2
Nb7 16. e4 d5 17. Qe2 dxc4 18. dxc4 Rad8 19. Rfd1 Qd3 20. Qe1 Qf3 21. Nh4 Qh5
22. Rdc1 g5 23. Ng2 Qf3 24. h4 Qh5 25. hxg5 hxg5 26. Qe3 f6 27. Ne2 Nd6 28. f4
f5 29. e5 Ne4 30. Be1 Kf7 31. Nc3 Rd4 32. Nxe4 Rxe4 33. Qd3 Rh8 34. Kf2 Qg4 35.
Qf3 gxf4 36. Qxg4 fxg4 37. gxf4 Nf5 38. a5 Rh3 39. Rc3 Rxe1 40. axb6 axb6 0-1

[Event "37. Open Barberá del Vallés 2014"]
[Site "Barberá del Vallés ESP"]
[Date "2014.07.10"]
[Round "7.5"]
[White "Sagar, Shah"]
[Black "Gomez Ledo, Roberto Carlos"]
[Result "1/2-1/2"]
[WhiteElo "2314"]
[BlackElo "2429"]
[PlyCount "59"]
[EventDate "2014.07.04"]
[EventType "swiss"]
[EventRounds "9"]
[EventCountry "ESP"]
[Source "lmi"]
[SourceDate "2014.07.04"]

1. d4 d5 2. c4 c6 3. Nf3 Nf6 4. Nc3 e6 5. e3 Nbd7 6. Qc2 Bd6 7. b3 Qe7 8. Be2
O-O 9. O-O dxc4 10. bxc4 e5 11. Bb2 Re8 12. Rad1 e4 13. Nd2 Nf8 14. c5 Bb8 15.
Nc4 Ng4 16. h3 Nh6 17. f3 Bxh3 18. Nxe4 Bf5 19. Bd3 Bxe4 20. fxe4 Bg3 21. Rf3
Qh4 22. Rxg3 Qxg3 23. Qf2 Qg4 24. Qf3 Qxf3 25. gxf3 Rad8 26. Nd6 Re7 27. Kf2
Red7 28. e5 Ng6 29. f4 Ng4+ 30. Kf3 1/2-1/2

[Event "37. Open Barberá del Vallés 2014"]
[Site "Barberá del Vallés ESP"]
[Date "2014.07.10"]
[Round "7.6"]
[White "Ruiz C, Joshua D"]
[Black "Cruz, Jonathan"]
[Result "0-1"]
[WhiteElo "2374"]
[BlackElo "2471"]
[PlyCount "88"]
[EventDate "2014.07.04"]
[EventType "swiss"]
[EventRounds "9"]
[EventCountry "ESP"]
[Source "lmi"]
[SourceDate "2014.07.04"]

1. e4 d5 2. exd5 Qxd5 3. Nc3 Qd6 4. d4 Nf6 5. Nf3 g6 6. Bc4 Bg7 7. O-O O-O 8.
h3 a6 9. a4 Nc6 10. Bg5 Bf5 11. Re1 Rad8 12. Qe2 h6 13. Be3 Qb4 14. Rab1 e6 15.
Bb3 Na5 16. Ba2 g5 17. h4 g4 18. Ne5 Rd6 19. Red1 h5 20. Nd3 Bxd3 21. Rxd3 Nc6
22. Qd2 Rfd8 23. Bh6 Bh8 24. d5 exd5 25. Re1 Kh7 26. Bf4 R6d7 27. Nxd5 Nxd5 28.
Bxd5 Rxd5 29. Rxd5 Rxd5 30. Qxd5 Qxe1+ 31. Kh2 Ne5 32. Bg3 c6 33. Qb3 b5 34. f4
bxa4 35. Qxa4 Nf3+ 36. gxf3 Qd2+ 37. Kh1 Qd1+ 38. Kh2 Qd2+ 39. Kh1 Bd4 40. Qa1
gxf3 41. Qf1 Qe2 42. Qxe2 fxe2 43. Kg2 Bxb2 44. Kf3 a5 0-1

[Event "37. Open Barberá del Vallés 2014"]
[Site "Barberá del Vallés ESP"]
[Date "2014.07.10"]
[Round "7.7"]
[White "Lorenzo De La Riva, Lazaro"]
[Black "Bergez, Luc"]
[Result "1-0"]
[WhiteElo "2426"]
[BlackElo "2368"]
[PlyCount "67"]
[EventDate "2014.07.04"]
[EventType "swiss"]
[EventRounds "9"]
[EventCountry "ESP"]
[Source "lmi"]
[SourceDate "2014.07.04"]

1. e4 c6 2. d4 d5 3. e5 Bf5 4. Nf3 e6 5. Be2 Ne7 6. O-O Nd7 7. Nbd2 Bg6 8. Nh4
c5 9. c3 Nc6 10. Nxg6 hxg6 11. Nf3 cxd4 12. cxd4 Be7 13. Be3 Qb6 14. Rb1 O-O
15. h4 Rfc8 16. g3 Nb4 17. a3 Nc6 18. Kg2 Na5 19. Bd3 Nc4 20. Qe2 Nxe3+ 21.
fxe3 Nf8 22. Rf2 f5 23. exf6 gxf6 24. h5 g5 25. Nxg5 fxg5 26. Qf3 Kh8 27. Qf7
Rc7 28. h6 Bd6 29. Qf6+ Kg8 30. Qxg5+ Kh8 31. Qf6+ Kg8 32. h7+ Nxh7 33. Bxh7+
Rxh7 34. Qg6+ 1-0

[Event "37. Open Barberá del Vallés 2014"]
[Site "Barberá del Vallés ESP"]
[Date "2014.07.10"]
[Round "7.8"]
[White "Palit, Somak"]
[Black "Akshat, Khamparia"]
[Result "1/2-1/2"]
[WhiteElo "2411"]
[BlackElo "2367"]
[PlyCount "72"]
[EventDate "2014.07.04"]
[EventType "swiss"]
[EventRounds "9"]
[EventCountry "ESP"]
[Source "lmi"]
[SourceDate "2014.07.04"]

1. e4 e5 2. Nf3 Nf6 3. Nxe5 d6 4. Nf3 Nxe4 5. Qe2 Qe7 6. d3 Nf6 7. Bg5 Qxe2+ 8.
Bxe2 Be7 9. Nc3 O-O 10. Ne4 Nbd7 11. Nxf6+ Bxf6 12. Bxf6 Nxf6 13. O-O Re8 14.
Rfe1 Bg4 15. h3 Bxf3 16. Bxf3 c6 17. Kf1 Kf8 18. Rxe8+ Rxe8 19. Re1 Rxe1+ 20.
Kxe1 d5 21. d4 Ke7 22. Kd2 Kd6 23. Ke3 Ne8 24. c3 g6 25. h4 f6 26. g3 Ng7 27.
Bg4 Ne6 28. Bxe6 Kxe6 29. Kf4 b6 30. b3 a6 31. a3 a5 32. a4 Ke7 33. Ke3 Kd6 34.
Kd2 Ke7 35. Ke3 Kd6 36. Kd2 Ke7 1/2-1/2

[Event "37. Open Barberá del Vallés 2014"]
[Site "Barberá del Vallés ESP"]
[Date "2014.07.10"]
[Round "7.9"]
[White "Sanchez Enriquez, Oscar Gerard"]
[Black "Sardana, Rishi"]
[Result "1/2-1/2"]
[WhiteElo "2401"]
[BlackElo "2363"]
[PlyCount "47"]
[EventDate "2014.07.04"]
[EventType "swiss"]
[EventRounds "9"]
[EventCountry "ESP"]
[Source "lmi"]
[SourceDate "2014.07.04"]

1. d4 d5 2. c4 c6 3. Nc3 Nf6 4. cxd5 cxd5 5. Bf4 Nc6 6. e3 a6 7. Bd3 Bg4 8.
Nge2 e6 9. O-O Be7 10. Rc1 O-O 11. Na4 Rc8 12. a3 Bh5 13. b4 Bd6 14. Bxd6 Qxd6
15. Nc5 Rc7 16. Qa4 Rfc8 17. Nf4 Bg6 18. Nxb7 Rxb7 19. Qxa6 Rcc7 20. b5 Ra7 21.
Qb6 Rab7 22. Qa6 Ra7 23. Qb6 Rab7 24. Qa6 1/2-1/2

[Event "37. Open Barberá del Vallés 2014"]
[Site "Barberá del Vallés ESP"]
[Date "2014.07.10"]
[Round "7.10"]
[White "Radovanovic, Jovica"]
[Black "Matnadze, Ana"]
[Result "1-0"]
[WhiteElo "2330"]
[BlackElo "2389"]
[PlyCount "77"]
[EventDate "2014.07.04"]
[EventType "swiss"]
[EventRounds "9"]
[EventCountry "ESP"]
[Source "lmi"]
[SourceDate "2014.07.04"]

1. d4 c6 2. c4 g6 3. Nc3 Bg7 4. Nf3 d5 5. cxd5 cxd5 6. Bf4 a6 7. e3 Nf6 8. h3
O-O 9. Be2 Nc6 10. O-O Bf5 11. Rc1 Rc8 12. Na4 Ne4 13. Qb3 b5 14. Nc5 e5 15.
dxe5 Nxe5 16. Bxe5 Nxc5 17. Qb4 Bxe5 18. Nxe5 Ne4 19. Nc6 Qg5 20. h4 Qh6 21.
Ne7+ Kg7 22. Qd4+ f6 23. Nxc8 Bxc8 24. Qxd5 Bf5 25. Rc7+ Kh8 26. Rf7 Re8 27.
Qc6 Rc8 28. Rd1 Rg8 29. Bf3 Qxh4 30. Bxe4 Bxe4 31. Qxf6+ Qxf6 32. Rxf6 a5 33.
f3 Bc2 34. Rd7 g5 35. e4 g4 36. Rff7 Rg6 37. Rf8+ Rg8 38. Rxg8+ Kxg8 39. Rd5
1-0

[Event "37. Open Barberá del Vallés 2014"]
[Site "Barberá del Vallés ESP"]
[Date "2014.07.10"]
[Round "7.11"]
[White "Das, Sayantan"]
[Black "Hernando Rodrigo, Julio Antoni"]
[Result "1-0"]
[WhiteElo "2381"]
[BlackElo "2332"]
[PlyCount "79"]
[EventDate "2014.07.04"]
[EventType "swiss"]
[EventRounds "9"]
[EventCountry "ESP"]
[Source "lmi"]
[SourceDate "2014.07.04"]

1. c4 Nf6 2. g3 g6 3. Bg2 Bg7 4. Nc3 O-O 5. Nf3 c5 6. O-O Nc6 7. d4 cxd4 8.
Nxd4 Nxd4 9. Qxd4 Qa5 10. Qd2 d6 11. b3 Qh5 12. Qg5 Rb8 13. Qxh5 Nxh5 14. Bd2
Bd7 15. Rac1 Nf6 16. c5 dxc5 17. Bf4 Rbd8 18. Bxb7 Bc8 19. Bf3 Nh5 20. Bg5 Bh3
21. Rfe1 Bf6 22. Ne4 Kg7 23. Nxf6 Nxf6 24. Rxc5 Rd7 25. Bc6 Rc7 26. Bf4 Rcc8
27. b4 Rfd8 28. Bb7 Rxc5 29. bxc5 Rd4 30. c6 Rb4 31. Be5 Kh6 32. f3 Be6 33. Rc1
Ne8 34. a4 f6 35. Bc3 Rb3 36. a5 Nc7 37. a6 Kg7 38. Ba5 Ne8 39. c7 Rb5 40. Be1
1-0

[Event "37. Open Barberá del Vallés 2014"]
[Site "Barberá del Vallés ESP"]
[Date "2014.07.10"]
[Round "7.12"]
[White "Garriga Cazorla, Pere"]
[Black "Munoz Pantoja, Miguel"]
[Result "0-1"]
[WhiteElo "2222"]
[BlackElo "2457"]
[PlyCount "112"]
[EventDate "2014.07.04"]
[EventType "swiss"]
[EventRounds "9"]
[EventCountry "ESP"]
[Source "lmi"]
[SourceDate "2014.07.04"]

1. Nf3 c5 2. c4 g6 3. Nc3 Bg7 4. d4 Nf6 5. e4 O-O 6. Be2 d6 7. O-O Bg4 8. Be3
Nfd7 9. d5 Nb6 10. Nd2 Bxe2 11. Qxe2 e6 12. dxe6 fxe6 13. Rad1 Bd4 14. Nb3 e5
15. Nd5 Nxd5 16. cxd5 Nd7 17. Nd2 Qh4 18. Bxd4 exd4 19. g3 Qe7 20. f4 Kh8 21.
Rde1 Rae8 22. Nf3 Nf6 23. Qd3 Ng4 24. Ng5 Qf6 25. Ne6 Rxe6 26. dxe6 Qxe6 27. f5
gxf5 28. exf5 Qh6 29. Re2 Ne3 30. Rf4 Qf6 31. Ref2 d5 32. b3 Kg7 33. R2f3 Rd8
34. Qb5 b6 35. Qa6 Rd7 36. g4 h6 37. Qc8 Rf7 38. g5 hxg5 39. Rh3 Rf8 40. Qd7+
Qf7 41. f6+ Kg6 42. Qxf7+ Rxf7 43. Rf2 c4 44. bxc4 dxc4 45. Rh8 Rxf6 46. Rd8
Rc6 47. Rg8+ Kh7 48. Rxg5 c3 49. Rf7+ Kh6 50. Rgg7 c2 51. Rh7+ Kg6 52. Rhg7+
Kh5 53. Rh7+ Rh6 54. Rxh6+ Kxh6 55. Rc7 d3 56. Kf2 d2 0-1

[Event "37. Open Barberá del Vallés 2014"]
[Site "Barberá del Vallés ESP"]
[Date "2014.07.10"]
[Round "7.13"]
[White "Gonzalez Perez, Arian"]
[Black "Rojano Alfonso, Carlos"]
[Result "1-0"]
[WhiteElo "2494"]
[BlackElo "2213"]
[PlyCount "71"]
[EventDate "2014.07.04"]
[EventType "swiss"]
[EventRounds "9"]
[EventCountry "ESP"]
[Source "lmi"]
[SourceDate "2014.07.04"]

1. e4 Nc6 2. Nf3 e5 3. d4 exd4 4. Nxd4 Bc5 5. Nb3 Bb6 6. Nc3 d6 7. Qe2 Nge7 8.
Be3 Be6 9. O-O-O Qd7 10. h3 O-O-O 11. Nc5 Bxc5 12. Bxc5 f5 13. f4 fxe4 14. g4
Bxa2 15. b3 Qe6 16. Bf2 Bxb3 17. cxb3 Qxb3 18. Qc2 Qxc2+ 19. Kxc2 d5 20. Bb5 e3
21. Bh4 Rd6 22. Rhe1 a6 23. Rxe3 axb5 24. Bxe7 Rd7 25. Nxd5 Re8 26. Bc5 Red8
27. Ne7+ Nxe7 28. Rxd7 Rxd7 29. Rxe7 Rxe7 30. Bxe7 Kd7 31. Bf8 g6 32. f5 Ke8
33. Bg7 Kf7 34. Be5 c5 35. Kd3 Ke7 36. Ke4 1-0

[Event "37. Open Barberá del Vallés 2014"]
[Site "Barberá del Vallés ESP"]
[Date "2014.07.10"]
[Round "7.14"]
[White "Perez Manas, Benjamin"]
[Black "Oliva Castaneda, Kevel"]
[Result "0-1"]
[WhiteElo "2290"]
[BlackElo "2419"]
[PlyCount "66"]
[EventDate "2014.07.04"]
[EventType "swiss"]
[EventRounds "9"]
[EventCountry "ESP"]
[Source "lmi"]
[SourceDate "2014.07.04"]

1. e4 c5 2. Nf3 e6 3. d4 cxd4 4. Nxd4 Nc6 5. Nc3 Qc7 6. g3 a6 7. Bg2 d6 8. O-O
Bd7 9. a4 Nf6 10. h3 Be7 11. Nde2 Rc8 12. f4 h6 13. b3 b5 14. Be3 b4 15. Nb1
Na5 16. c4 bxc3 17. Nbxc3 O-O 18. b4 Nc4 19. Bd4 e5 20. Bf2 d5 21. fxe5 Nxe5
22. Bd4 dxe4 23. Nf4 Bc6 24. b5 Rfd8 25. bxc6 Nxc6 26. Nxe4 Nxe4 27. Bxe4 Nxd4
28. Qg4 Qc5 29. Kh1 f5 30. Qg6 fxe4 31. Nh5 Qg5 32. Qf7+ Kh8 33. h4 Qg4 0-1